01722cac a22003371u 4500008004100000010001700041020001800058020001700076035002300093082001600116100004100132245007200173250001200245260005300257260002400310300006300334490002700397500004500424500002000469500007800489538033300567650002800900650002600928700003200954740004800986800002701034942002301061999001701084952013101101952015201232090108t 2010xxu||||| |||| 00| 0 eng d a 2007277136 a9781439037874 a1439037876 : a(OCoLC)ocm8584789200a658.05bSHE aShelly, Gary B. 91292010aSystems Analysis and Design /cGary B. Shelly, Harry J. Rosenblatt. a8th ed. aBoston, MA :bThomson Course Technology,cc2010. b Distributer: Bacca axix, 731 p. :bcol. ill. ;c28 cm. +e1 CD-ROM (4 3/4 in.)1 aShelly Cashman series; a"International Student Edition"--- Cover aIncludes index. aAccompanying CD-ROM entitled: Study tool for systems analysis and design. aSystem requirements for accompanying disc: Pentium 133 MHz or higher processor (Pentium 3 recommended); 128 MB RAM; 120 MB of available hard disk space; Windows 98, NT, 2000, or XP; Internet Explorer 6.0 or better with javascript enabled; VGA, or higher resolution monitor set to 1024 by 768; internet connection; CD-ROM drive. 0aSystem analysis.912921 0aSystem design.9129221 aRosenblatt, Harry J.91292302aStudy tool for systems analysis and design.1 aShelly, Gary B.912924 cBBk658.05SHE2ddc c13739d13739 00102ddc40708AlahramaMAINbMAINc1STd2010-03-21epurchaseg275.00h34l0o658.05 SHEp000020261r2025-07-15 00:00:00yBB 00102ddc3Lost In Inventory_2017-8-2540708AlahramaMAINbMAINc1STd2010-03-21epurchaseh34l0o658.05 SHEp000020262r2022-08-24 00:00:00yBB